[Event "Abu Dhabi op 14th"]
[Site "Abu Dhabi"]
[Date "2004.08.15"]
[Round "2"]
[White "Ghaem Maghami, Ehsan"]
[Black "Nezad, Husein Aziz"]
[Result "1-0"]
[WhiteElo "2552"]
[BlackElo "2312"]
[Annotator "Ribli,Z"]
[PlyCount "97"]
[EventDate "2004.08.14"]
[EventType "swiss"]
[EventRounds "9"]
[EventCountry "UAE"]
[SourceTitle "CBM 103"]
[Source "ChessBase"]
[SourceDate "2004.11.11"]
[SourceVersion "1"]
[SourceVersionDate "2004.11.11"]
[SourceQuality "1"]

1. c4 e6 2. Nf3 d5 3. g3 Nf6 4. Bg2 c6 5. Qc2 Be7 6. O-O O-O 7. d4 Nbd7 {
Mit Zugumstellung ist die sogenannte Geschlossene Variante der Katalanischen
Eröffnung erreicht worden. Schwarz möchte im folgenden zuerst die Entwicklung
des Damenflügels fortsetzen und auf den Befreiungszug c6-c5 spielen.} 8. Bf4 (
8. b3 b6 9. Nc3 Ba6 10. Rd1 Rc8 11. e4 (11. Bb2 dxc4 (11... Qc7 12. e4 dxc4 (
12... Rfd8 13. e5 Ne8 14. cxd5 cxd5 15. Rac1 Nf8 16. h4 Qd7 17. Qd2 Rc6 18. Ne2
Rdc8 19. Nf4 {1-0 Bischoff,K-Bezold,M/Baden-Baden Hofmann Cup 1995/EXT 95 (35)
1-0}) (12... Qb8 $6 13. Ne5 $5 Rfd8 14. Rac1 Bf8 15. h4 Bb4 16. Nxd7 Rxd7 17.
e5 $14 {1-0 Filippov,V-Shaposhnikov,E/St. Petersburg 1999/CBM 71/[Ribli Zoltán]
(35)}) 13. e5 (13. Qe2 b5 14. bxc4 b4 $1 15. Nb1 Nb6 16. Nbd2 Na4 17. Rab1 c5
$1 $15 {0-1 Kozul,Z-Lputian,S/Lucerne 1997/CBM 62/[Ribli] (44)}) (13. h4 $5)
13... Nd5 14. bxc4 Bxc4 15. Ne4 b5 16. Neg5 g6 17. h4 $44 {0-1 Van der Linden,
B-Blecken,V/Ruhrgebiet 1999/EXT 2001/(36)}) 12. e4 b5 13. bxc4 bxc4 14. Na4 Qa5
15. Nd2 Bb5 16. Nc3 Ba3 17. Bxa3 Qxa3 18. Bf1 Nb6 {0-1 Barbero,G-Horvath,J/
Lisbon POR 2000/(46)}) 11... dxc4 12. e5 Nd5 (12... Ne8) 13. bxc4 Bxc4 14. Ne4
b5 15. Neg5 g6 16. Qe4 (16. h4 c5 17. Qd2 cxd4 18. Nxh7 Kxh7 19. Qh6+ Kg8 20.
h5 $40 {1-0 Kozul,Z-Boric,M/Vecernjakov GP, Sarajevo BIH 1998/[Ribli Zoltán] 
(33)}) 16... Re8 (16... Nc3) 17. Bd2 Nf8 18. Qh4 Be2 19. Re1 Bxf3 20. Bxf3 Kg7
21. Bxd5 cxd5 22. Qg4 h5 23. Qf4 Bxg5 24. Qxg5 Qxg5 25. Bxg5 Rc4 {0-1 Kornev,
A-Ulko,J/Voronezh RUS 2003/(45)}) 8... Nh5 ({Ich empfehle} 8... b6 $5 {, da
Weiss nach 8...Nh5 (wie in der Partie geschehen) seinen Läufer auf b2
platzieren kann.}) 9. Bc1 Nhf6 {Das ist ein indirektes Remisangebot, da
Schwarz wahrscheinlich (weil er 200 Elo-Punkte weniger hat) nach 10.Bf4 Nh5
die Züge wiederholen möchte.} 10. Rd1 b6 11. Nc3 {Der Wartezug 11.b3 hat eine
bessere Reputation als die Partiefortsetzung.} (11. b3 {Nach dieser
strategischen Pointe kann Weiss nach 11...Bb7 schon 12.Nc3 spielen, weil auf
11...Ba6 12.Nbd2 kommt.}) 11... Ba6 12. b3 Rc8 {Schwarz kümmert sich (noch)
nicht um den c4-Bauern. So ist die Stellung wie in der Variante zu 8.b3 b6 9.
Nc3 Bb7 10.R d1 R c8 erreicht worden.} 13. Bb2 (13. e4 $5 dxc4 14. Ne5 (14. Nd2
cxb3 15. axb3 Nb8 16. Nf3 $44) 14... Nxe5 15. dxe5 Nd7 16. Be3 Qc7 17. f4 $44)
13... dxc4 14. e4 $44 {[%csl Gd4,Ge4] Weiss hat ein starkes Bauernzentrum und
ein aktives Figurenspiel, was Kompensation für den Bauern bietet.} Qc7 (14...
cxb3 $5 15. axb3 Nb8 $13) 15. h3 {Dieser prophylaktische Zug ist gegen die
Möglichkeit Ng4 gerichtet, zum Beispiel kann Schwarz in der Variante 15...e5
16.dxe5 (oder 16.Nxe5 Nxe5 17.dxe5) jetzt nicht 16...Ng4 ziehen.} (15. e5 Nd5
16. bxc4 Bxc4 17. Ne4 b5 18. Neg5 g6 19. Qe4 $44 {[%cal Ge4h4]} (19. h4 $44))
15... Qb8 (15... Rfd8) 16. Qe2 {[%cal Ge2a6]} b5 (16... e5 17. bxc4 (17. dxe5
Nxe5 18. Nxe5 Qxe5) 17... exd4 18. Nxd4 Ne5 19. f4 Bxc4 (19... Nxc4 20. e5 $14)
20. Qc2 $44) 17. bxc4 bxc4 (17... b4 18. Na4 $14) 18. Qc2 (18. Rab1 Qc7 19. Bc1
Rfd8 20. Bf4 Qa5 21. Qc2 $44) 18... Nb6 19. Rab1 Bb7 (19... c5 20. dxc5 (20. d5
$44) 20... Bxc5 21. e5 Nfd7 22. Ng5 $44) 20. Bc1 {[%cal Gc1f4,Gc1g5,Gf4b8] Es
ist interessant zu sehen, wie Weiss seine Läuferstellung wieder verbessern
möchte, jetzt nimmt er die Felder f4 und g5 ins Visier.} Qa8 {[%csl Ga8][%cal
Gc6c5,Ga8g2] Die Dame steht auf den ersten Blick scheinbar passiv auf a8, aber
die schwarze Idee ist c6-c5.} 21. Bg5 (21. e5 Nfd7 22. Bg5 $44) 21... h6 (21...
c5 $5 22. d5 exd5 23. e5 d4 24. exf6 Bxf6 25. Bxf6 gxf6 (25... Bxf3 26. Qf5 Qc6
(26... Bxg2 27. Qg5 g6 28. Qh6 $18) 27. Bxf3 Qxf6 28. Qxf6 gxf6 29. Nb5 c3 30.
Rbc1 $16) 26. Qf5 dxc3 27. Qxf6 c2 28. Qg5+ $11) 22. Bxf6 {Das ist die
automatische Antwort, aber 22.e5!? kommt stark in Betracht.} (22. e5 $5 hxg5
23. Nxg5 g6 24. exf6 Bxf6 25. Nge4 Bg7 26. Nc5 $44 {[%csl Gc5]}) 22... Bxf6 23.
a4 {[%cal Ga4a5]} c5 24. a5 cxd4 25. Nxd4 Rcd8 {Schwarz stellt den c8-Turm auf
d8, um so in späteren Varianten das Motiv Nb5-Nd6 zu vermeiden.} (25... Rfd8
26. Ndb5 Bxc3 27. Qxc3 $14 {[%csl Yd6][%cal Gb5d6,Gd6c8,Gd6b7]}) 26. Ndb5 {
[%csl Gb5][%mdl 2048] Das aktive Figurenspiel gibt Weiss ausreichende
Kompensation für den Bauern. Im folgenden kann er sogar den c4-Bauern
zurückgewinnen.} (26. Nce2 Bxd4 27. Rxd4 (27. Nxd4) 27... Rxd4 28. Nxd4 Nd7 29.
Nb5 Qd8 30. Nxa7 Qc7 31. Nb5 Qxa5 32. Qxc4 $11) 26... Rxd1+ 27. Nxd1 Nd7 28.
Nd6 (28. Qxc4 $11) (28. Ne3 $11) 28... Bc6 29. Nxc4 $11 {Die Stellung ist
materiell gleich. Schwarz hat das Läuferpaar, aber die weissen Figuren stehen
etwas aktiver.} (29. Qxc4 Be7 30. Nb5 Rc8 $15) 29... Nc5 (29... Bd4 $5) 30. Nd6
Rd8 31. Nxf7 $5 (31. Qxc5 Be7 32. Nc3 Bxd6 33. Qe3 Be5 34. Ne2 $11) 31... Kxf7
32. Qxc5 Bxe4 33. Ne3 Bxg2 34. Nxg2 {Weiss hat die bessere Bauernstruktur,
aber da der e6P ist die einzige Schwäche bei Schwarz darstellt, müsste Schwarz
seine Stellung halten können.} Kg8 35. Qe3 $6 (35. Qc7 $142 $14) 35... Rd6 36.
Nf4 Bd4 37. Qb3 (37. Qe2 e5 38. Qc4+ Kh8 39. Ne2 $11) 37... Qe4 38. Rd1 Kh7 39.
Kh2 e5 {Der ehemals schwache e-Bauern sichert nun den Stand der beststehenden
schwarzen Figur - den Läufer d4.} 40. Ng2 $2 (40. Qd3 Qxd3 41. Nxd3 Bc3 $17) (
40. f3 Qf5 41. Ne2 $11) 40... Rf6 $17 {[%csl Rf2]} 41. f4 exf4 42. Nxf4 (42.
gxf4 Rg6 43. Qa2 Be3 44. Rf1 Rd6 $17) 42... g5 (42... Be5 43. Qd3 Qxd3 44. Rxd3
(44. Nxd3 Bc3 $17) 44... Bxf4 45. gxf4 Rxf4 (45... Rf5 46. a6 (46. Ra3 Rxf4 $17
) 46... Rf6 47. Rd7 Rxa6 48. Kg3 $15) 46. Rd7 a6 47. Ra7 Rf6 $17) 43. Rc1 $2 (
43. Rxd4 $1 Qxd4 44. Qb7+ Kg8 45. Qb3+ Kf8 46. Ne6+ Rxe6 47. Qxe6 $11) 43...
gxf4 $4 {[%mdl 8192] Auch in Gewinnstellungen sollte man immer vorsichtigt
sein! Dieser Zug verliert sofort.} (43... Rxf4 44. gxf4 (44. Rc7+ Kg6 45. gxf4
Qxf4+ {[%cal Rf4c7,Rf4h2]}) 44... Qxf4+ {[%cal Rf4c1,Rf4h2]}) 44. Rc7+ $18 {
[%csl Gb3,Gc7,Rh7]} Kg6 45. Qg8+ Kf5 46. Qg4+ (46. g4+ Ke5 47. Re7+ $18) 46...
Ke5 47. Re7+ Kd5 48. Qd7+ Rd6 49. Qb7+ 1-0

[Event "BIH-chT"]
[Site "Neum"]
[Date "2002.06.05"]
[Round "5.1"]
[White "Feletar, Darko"]
[Black "Adams, Michael"]
[Result "0-1"]
[WhiteElo "2435"]
[BlackElo "2744"]
[Annotator "Ribli,Z"]
[PlyCount "124"]
[EventDate "2002.06.02"]
[EventType "team"]
[EventRounds "9"]
[EventCountry "BIH"]
[SourceTitle "CBM 090"]
[Source "ChessBase"]
[SourceDate "2002.09.20"]
[SourceVersion "1"]
[SourceVersionDate "2002.09.20"]
[SourceQuality "1"]
[WhiteTeam "Brijeg"]
[BlackTeam "Sarajevo Bosna"]
[WhiteTeamCountry "BIH"]
[BlackTeamCountry "BIH"]

1. Nf3 Nf6 2. c4 e6 3. g3 d5 4. d4 Bb4+ {Nach meiner persöhnlichen Meinung hat
Schwarz in dieser Variante gute Chancen auf Ausgleich.} 5. Bd2 Be7 {Auf den
ersten Blick sieht es aus, als ob Schwarz ein Tempo verloren hat, aber in
Wirklichkeit steht der Läufer auf d2 weniger gut als auf c1 - zum Beispiel ist
die Entwicklung des schwarzfeldrigen Läufers mit b3-Bb2 nicht möglich.} 6. Bg2
O-O 7. O-O c6 8. Qc2 b6 {Schwarz spielt die geschlossene Variante, was die
Hauptidee des Zugs 4...Bb4+ ist.} (8... Nbd7) 9. Bf4 {Wenn der Läufer sich
nicht mit b3 - Bb2 entwickeln kann, spielt Weiß gewöhnlich diesen Läuferzug.}
Bb7 10. Rd1 Nbd7 11. Nbd2 {Diese Springerentwicklung ist natürlich möglich,
aber - ich glaube - 11.Nc3 ist chancenreicher für Weiß.} (11. Ne5 Rc8 12. Nc3
Nh5 13. Bd2 Nhf6 14. Bf4 Nh5 15. Bd2 Nhf6 16. e4 c5 17. exd5 cxd4 18. Nc6 Bxc6
19. dxc6 Ne5 20. Nb5 Nxc6 21. Bf4 Qd7 22. Rac1 Bc5 23. Bxc6 Rxc6 24. Be5 Qe7
25. Nxd4 $11 {1/2-1/2 Fridman,D-Jussupow,A/Essen 2002/CBM 90 (25)}) (11. Nc3 {
Nach diesem Springerzug kann Schwarz entweder 11...Rc8 ziehen oder mit 11...
dxc4 12.Nd2 Nxf4 13.gxf4 Qc7 fortsetzen.}) 11... Nh5 {Das ist ein typisches
Motiv in dieser Variante - Schwarz kann den f4-Läufer tauschen oder f7-f5
ziehen.} 12. Ne5 {Dieser genügsame Zug gefäellt mir nicht - es wäre besser den
Läufer mit 12.Be3 auf dem Brett zu halten.} (12. Be3 Rc8 (12... f5 13. Nb3 Bd6
14. Nc1 Rc8 {1/2-1/2 Schlosser,P-Ribli,Z/Baden-Baden 1992/CBM 33 (14)}) 13. Ne5
Nhf6 14. Ndf3 Nxe5 {1/2-1/2 Temirbaev,S-Ionov,S/Azov 1991/CBM 25 (14)}) (12.
Nf1 Rc8 13. cxd5 Nxf4 14. gxf4 cxd5 15. Qd3 Nb8 16. Ng3 Ba6 17. Qd2 g6 18. e3
Nc6 {0-1 Kobylkin,E-Nadyrhanov,S/Krasnodar 1999/CBM 75 (42)}) (12. Be5 f6 13.
Bf4 Rc8 14. Bh3 Nxf4 15. gxf4 f5 16. cxd5 cxd5 17. Qd3 Nf6 18. Ne5 Bd6 19. Rac1
Qe7 20. e3 Ne4 {1/2-1/2 Gavrjushin,O-Mchedlishvili,M/St Petersburg RUS 2002/
(87)}) 12... Nxf4 13. gxf4 Rc8 {Schwarz hat das Läuferpaar und die bessere
Bauernstruktur, so hat er eine bequeme Stellung. Anderseits ist die Stellung
geschlossen, wo das Läuferpaar nicht so wirksam ist.} 14. Nxd7 (14. cxd5 cxd5
15. Qd3 Nxe5 16. fxe5 Qd7 17. Rdc1 Qa4 18. e3 Ba6 19. Qb3 Qa5 20. Qd1 Bb4 21.
Nb3 Qa4 {1/2-1/2 Osmanbegovic,S-Petran,P/AUT 1994/EXT 98 (41)}) (14. Qa4) 14...
Qxd7 $11 15. Qa4 {Weiß verlässt die c-Linie mit der Dame und möchte den Zug
c7-c5 verhindern.} (15. e3 c5 $15 {[%cal Gc8c2]}) (15. Nf3 $11) 15... b5 $1 16.
cxb5 cxb5 17. Qb3 (17. Qxa7 $2 Ra8 18. Qb6 Ra6 $19) 17... b4 (17... Qc6) 18.
Rdc1 (18. e3 Qc6 $15 {[%cal Gc8c2]}) 18... a5 (18... Ba6 19. e3 Bb5 20. Bf1 $15
) 19. e3 Ba6 $15 {[%csl Ga6][%cal Ga6f1] Auf diese Weise verbessert Schwarz
seine Läuferstellung.} 20. Qd1 (20. Bf1 Bxf1 21. Nxf1 Qb5 $15) 20... a4 {
[%csl Ga4,Gb4] Schwarz hat positionellen Druck am Damenflügel.} 21. Rxc8 (21.
Bf1 $15) 21... Rxc8 22. Rc1 Rxc1 23. Qxc1 Bd3 $1 {[%mdl 32] Nach diesem
Läuferzug kann Schwarz den Läufertausch vermeiden - es ist eine Seltenheit in
der Katalanischen Eröffnung, dass Schwarz einen so starken weißfeldrigen
Läufer hat.} 24. Bf1 Bf5 {[%csl Ge7,Gf5] Schwarz hat das Läuferpaar und etwas
Raumvorteil am Damenflügel. Es ist wahr, dass Weiß die c-Linie kontrolliert,
aber es gibt dort keine Eindringungsmöglichkeiten.} 25. Be2 h6 {[%cal Gg7g5]
Schwarz macht ein Luftloch und später kann er eventuell g7-g5 spielen.} 26. b3
$6 {Es wäre besser nur zu warten und mit diesem Zug nicht zu eilen.} (26. Nf3
Bd6 $15 (26... f6 $15)) 26... a3 {[%csl Ga3,Gb4]} 27. Nf3 Bd6 28. Ne1 (28. Ne5
Qb7 $15 {und Schwarz spielt 29...f6 und der Springer muss zurückgehen.} 29. Bd3
$2 Bxe5 30. Bxf5 Bxf4 $17) 28... f6 29. Bd3 Bh3 (29... Bxd3 $6 30. Nxd3 $15)
30. Qd1 (30. Bf1 $142 $5) 30... e5 {Natürlich muss Schwarz die Stellung für
sein Läuferpaar öffnen.} 31. dxe5 fxe5 32. fxe5 Bxe5 {[%csl Yc3,Ge5,Gh3][%cal
Ge5c3]} 33. Qh5 Qg4+ $1 (33... Qe6 $15) 34. Qxg4 Bxg4 {[%mdl 4096] Schwarz hat
deutlichen Positionsvorteil in diesem Endspiel, aber der Gewinn ist sehr weit,
da das Material reduziert ist und es nicht leicht iat, am Damenflügel
einzudringen.} 35. f3 (35. Nc2 Bc3 36. Kg2 $15) 35... Bh5 36. Kg2 Kf7 37. Nc2
Bc3 38. Kg3 Kf6 39. Nd4 Be8 (39... Bxd4 40. exd4 $11) 40. Nc2 {Weiß kann nur
mit dem König und mit dem Springer manövrieren, da der d3B gegen die schwarzen
Eindringungsmöglichkeiten verteidigt.} (40. Bb5 $2 Bg6 $19 {[%cal Rg6b1,Rb1a2]}
) 40... Ke5 41. Kg4 (41. f4+ $15) 41... Bd2 42. f4+ (42. Kg3 Bxe3 $1 43. Nxe3
Kd4 $19) 42... Kf6 43. Kh4 Bf7 44. Kg4 Be6+ 45. Kg3 Bd7 (45... g5) 46. Kf3 Bc3
47. Kg3 Bc8 48. Kf3 g5 $1 49. fxg5+ (49. Kg3 h5 $15) 49... Kxg5 {[%csl Gg5]
[%cal Gg5h4,Gh4h3]} 50. Nd4 (50. Kg3 h5 $15) 50... h5 51. Nc2 (51. Kg3) 51...
Bg4+ 52. Kg2 (52. Kg3) 52... Kh4 $17 {[%csl Gh4]} 53. Bh7 Be2 54. Kf2 Bd1 55.
Kg2 Kg4 56. h3+ $6 {Mit diesem Zug hat Weiß eine neue Schwäche - den h3P.} (56.
Bd3 Bf3+ 57. Kf2 $17) 56... Kg5 57. Bd3 Kh4 58. Bf5 Be2 59. Nd4 $2 (59. Bh7 $17
) 59... Bxd4 $1 60. exd4 Bd1 $19 {[%csl Ra2,Rb3] Droht 60...Bxb3 mit
sofortigem Gewinn. Schwarz steht jetzt auf Gewinn - die weißen Bauern auf a2,
b3, h3 sind angreifbar und die schwarzen Figuren sind sehr aktiv.} 61. Bb1 Kg5
62. Kf2 (62. Kg3 h4+ 63. Kf2 Kf4 $19) 62... Kf4 $22 (62... Kf4 $22 63. Ke1 Bf3
$19) 0-1

[Event "Bundesliga 0304"]
[Site "Germany"]
[Date "2004.04.24"]
[Round "14.1"]
[White "Bauer, Christian"]
[Black "Almasi, Zoltan"]
[Result "0-1"]
[WhiteElo "2602"]
[BlackElo "2631"]
[Annotator "Ribli,Z"]
[PlyCount "90"]
[EventDate "2003.11.01"]
[EventType "team-tourn"]
[EventRounds "15"]
[EventCountry "GER"]
[SourceTitle "CBM 101"]
[Source "ChessBase"]
[SourceDate "2004.07.27"]
[SourceVersion "1"]
[SourceVersionDate "2004.07.27"]
[SourceQuality "1"]
[WhiteTeam "St Ingbert"]
[BlackTeam "Kreuzberg"]
[WhiteTeamCountry "GER"]
[BlackTeamCountry "GER"]

1. Nf3 Nf6 2. d4 e6 3. g3 d5 4. c4 Bb4+ 5. Bd2 Be7 {Diese Variante mit 4...
Bb4+ und 5...Be7 ist sehr populär in der Großmeisterpraxis. Das Läufermanöver
ist kein Tempoverlust für Schwarz, weil der weiße Läufer in Wirklichkeit auf
d2 weniger gut steht als auf c1.} 6. Bg2 O-O 7. O-O c6 8. Qc2 (8. Qb3) 8...
Nbd7 9. Rd1 b6 10. Bf4 Bb7 11. Nc3 Nh5 12. Bc1 f5 {Schwarz verhindert e2-e4.
Jetzt haben wir eine sogenannte Stonewallstellung, die typisch ist für die
Holländische Verteidigung.} (12... Nhf6 $6 {Dieser Springerzug wäre eine
Einladung zur Zugwiederholung.} 13. b3 $14) 13. b3 (13. a4 $6 a5 $13) (13. Rb1
$5) 13... Rc8 14. e3 Bd6 {Das ist ein typisches Motiv, Schwarz bereitet 15...
Qe7 vor.} 15. Bb2 Qe7 (15... Nhf6 16. Ne2 Qe7 17. Ne5 (17. Nf4 Ne4 18. Ne5 g5
19. Nfd3 Qg7 20. a4 Nxe5 21. dxe5 Be7 22. a5 Nc5 23. axb6 axb6 24. Ra7 Ra8 25.
Rda1 {1-0 Franco Alonso,A-Pogorelov,R/Mondariz 1999/EXT 2000 (35)}) 17... Bxe5
18. dxe5 Ng4 19. a4 Ngxe5 20. a5 Ng4 21. axb6 axb6 22. Ra7 Nc5 23. h3 Nf6 24.
Bxf6 gxf6 25. Nd4 $44 {1-0 Miton,K-Hauchard,A/Belgium BEL 2004/(52)}) 16. Rac1
(16. a4 a5 17. Ne2 Nhf6 (17... c5 $5) 18. Nc1 Ne4 19. Nd3 c5 20. dxc5 Ndxc5 21.
Nxc5 Bxc5 22. Ne5 Rc7 23. Rac1 Rfc8 24. Qb1 {1-0 Dragomirescu,A-Vajda,S/
Szombathely HUN 2004/(50)}) (16. Ne2 c5 $5) 16... Nhf6 $11 {Weiß hat einen
kleinen Raumvorteil, und das e5-Feld ist eine "ewige" Schwächung in der
schwarzen Stellung. Andererseits kann Schwarz seinen Springer auf e4
platzieren und die Stellung mit c6-c5 sprengen.} 17. Qb1 Ne4 18. Ne2 {[%cal
Ge2f4,Gf4d3,Gd3e5] Weiß beginnt ein typisches Springermanöver (Nf4-Nd3-Ne5)
und zielt auf das Feld e5.} Ndf6 (18... c5 $5 19. cxd5 Bxd5 (19... exd5 20.
dxc5 (20. Nf4 $6 c4 $132) 20... bxc5 21. Nf4 $14) 20. Nf4 Bb7 $11) 19. Nf4 dxc4
$5 {[%mdl 4] Schwarz möchte die Diagonale des b7-Läufers öffnen mit c6-c5,
aber zuerst nimmt er auf c4.} (19... c5 20. cxd5 Nxd5 21. dxc5 Nxc5 22. Be5 $14
) 20. bxc4 (20. Rxc4 c5 $11) 20... c5 {Schwarz hat eine gesunde Stellung, die
Schwächung des e5-Felds hat keine große Bedeutung und im Falle von späterem
d4xc5 wird der weiße c4P isoliert.} 21. Nd3 {[%csl Ye5][%cal Gd3e5,Gf3e5]} Ng4
$1 {Schwarz möchte im Falle von 22.Nde5 oder 22.Nfe5 den Springer auf e5
tauschen, und wenn Weiß das e5-Feld (welches eigentlich ein positionelles Loch
in der schwarzen Stellung ist) mit einer Figur besetzt, ist das viel besser,
als die Stellung mit weißem Bauern auf e5.} 22. Re1 {Weiß bereitet 23.h3 vor
und verteidigt zuerst seinen e3-Bauern.} (22. h3 $6 Nexf2 23. hxg4 (23. Nxf2
Nxe3 $36 {[%cal Re3d1,Re3g2,Gb7g2]}) 23... Nxd1 24. Rxd1 Bxg3 $17) 22... Ba6 {
[%cal Gc8c1,Ga6c4]} 23. h3 (23. dxc5 Nxc5 $15) 23... Ngf6 24. Nde5 {[%csl Ge5]
Endlich kann Weiß das e5-Feld mit dem Springer besetzen.} (24. Nfe5 $2 cxd4 25.
exd4 Nd2 $17 {[%cal Rd2c4,Rd2b1]}) 24... Bb7 (24... cxd4 $5 25. exd4 Nd7 $36)
25. Qd3 Rfd8 {[%cal Gd8d3]} 26. Qe2 Nd7 27. Red1 (27. Nd3 $11) 27... Bxe5 $1 {
Schwarz nutzt die Möglichkeit und nach dem Springertausch es wird der weiße
Bauer, der das e5-Feld besetzt, so dass e5 keine schwarze Schwäch mehr ist.}
28. dxe5 (28. Nxe5 Nxe5 29. dxe5 $11) 28... Nb8 {[%cal Gb8c6,Gc6a5] Schwarz
macht die d-Linie frei, wo er die Türme tauschen möchte. Schwarz spielt diese
Partie mit ausgezeichnetem strategischen Gefühl.} (28... Nf8) 29. Ne1 Rxd1 30.
Rxd1 Rd8 31. Rxd8+ Qxd8 32. Nd3 (32. Qd3 $2 Qxd3 33. Nxd3 Ba6 $17) 32... Qd7 {
[%cal Gd7a4]} 33. Nf4 Nc6 {Jetzt können wir sehen, warum Schwarz 28...Nb8
spielte.} (33... g5 $2 34. Nh5 $16 {[%csl Yf6]}) 34. g4 Nd8 (34... Ne7 $11) {
[#]} 35. Nh5 $2 {[%mdl 16384] Der weiße Springer geht weg vom
Hauptkriegschauplatz. Ich glaube, Weiß war im Zeitnot, sonst es ist schwer
einen solchen Zug zu erklären.} (35. gxf5 exf5 36. Qh5 g6 37. Qe2 Ne6 38. Nxe6
Qxe6 39. Qd3 Qe7 $11) 35... Qd2 $1 $17 {Das Eindringen der schwarzen Dame auf
d2 zeigt, dass es schon Schwarz ist, der einen Vorteil besitzt.} 36. Bf1 (36.
Qxd2 Nxd2 37. Bxb7 Nxb7 $17 {[%csl Rc4]}) (36. Kf1 Qxe2+ (36... Ba6 $17) 37.
Kxe2 Ba6 $17) 36... Ng5 $1 {[%csl Gb7,Yf3,Rg1,Gg5][%cal Rg5f3,Rf3g1,Gb7h1] Die
taktischen Motive helfen Schwarz auch. Es droht 37...Nf3+.} (36... fxg4 37.
hxg4 Ba6 $17) 37. f4 (37. Qxd2 Nf3+ 38. Kg2 Nxd2+ 39. Kg1 Nxf1 40. Kxf1 Ba6 $17
{[%csl Rc4][%cal Ra6f1]}) 37... Nxh3+ {Schwarz gewinnt einen Bauern.} 38. Kh2
Qxe2+ 39. Bxe2 Nf2 40. gxf5 (40. g5 Nc6 $17 {[%cal Gc6b4,Gc6a5]}) 40... exf5 {
[%cal Gd8e6] Nach dem Bauerntausch bekommt der d8N einen guten Platz auf e6.}
41. Ng3 g6 42. Kg1 Ne4 {Der e4N steht ausgezeichnet und Schwarz kontrolliert
sehr stark die weißfarbigen Punkten.} 43. Nf1 (43. Nxe4 Bxe4 $17) 43... Kf7 44.
Bd3 h6 45. Nh2 Ne6 $19 {[%csl Rb2,Ge4,Ge6][%cal Gg6g5] Auf den ersten Blick
scheint es, dass die Aufgabe zu früh kommt, aber in Wirklichkeit kann Weiß die
Partie nur verlängern, aber er hat kein Gegenspiel und mit g6-g5 kann Schwarz
seinen Vorteil leicht verwerten; und der b2B ist eingeschlossen.} 0-1